000 00448nam a2200133 a 4500
001 000037749
005 20240322203027.0
008 130305s2012 dr 000 0 spa d
040 _aDO-SdBNP
_bspa
_cBNPHU
100 1 _aMejía, Hipólito,
_d1941-
_978920
245 1 0 _aPropuesta de programa y polítcas agropecuarias 2012-2016 /
_cHipólito Mejía.
260 _aSanto Domingo :
_bPartido Revolucionario Dominicano,
_c2012.
300 _a104 p. ;
_c23 cm.
999 _c37239
_d37239